000
00266nam a22001217a 4500
008
181105b xxu||||| |||| 00| 0 eng d
041
_a
eng
080
_2
8th
_a
371
100
_a
46
101
_a
EDU
245
_a
Exploring Language
_c
Goshgarian,G
942
_2
udc
_c
BK
999
_c
51834
_d
51834